000 00210nam a22000857a 4500
008 170617b xxu||||| |||| 00| 0 eng d
100 _93482
_aCBSE
245 _aScience is Doing - VII
260 _aNew Delhi
_bCBSE
_c2010
999 _c6857
_d6857